|
|
|
|
| LEADER |
00000nam0a2200000 4500 |
| 001 |
167937 |
| 005 |
20231031162933.0 |
| 010 |
|
|
|a 5020001872
|
| 035 |
|
|
|a (RuTPU)RU\TPU\book\182197
|
| 090 |
|
|
|a 167937
|
| 100 |
|
|
|a 20091022d1990 k y0rusy50 ca
|
| 101 |
0 |
|
|a rus
|
| 102 |
|
|
|a RU
|
| 105 |
|
|
|a a z 001zy
|
| 200 |
1 |
|
|a Статика сыпучей среды
|f В. В. Соколовский
|g Академия наук СССР (АН СССР), Институт проблем механики (ИПМех); под ред. В. Н. Кукуджанова
|
| 205 |
|
|
|a 4-е изд.
|
| 210 |
|
|
|a Москва
|c Наука
|d 1990
|
| 215 |
|
|
|a 272 с.
|c ил.
|
| 320 |
|
|
|a Библиогр.: с. 270-271.
|
| 610 |
1 |
|
|a сыпучие среды
|
| 610 |
1 |
|
|a статика
|
| 610 |
1 |
|
|a предельное равновесие
|
| 610 |
1 |
|
|a откосы
|
| 610 |
1 |
|
|a засыпки
|
| 610 |
1 |
|
|a давление
|
| 610 |
1 |
|
|a связная среда
|
| 610 |
1 |
|
|a весомый клин
|
| 675 |
|
|
|a 624.136
|v 3
|
| 675 |
|
|
|a 539.215
|v 3
|
| 700 |
|
1 |
|a Соколовский
|b В. В.
|g Вадим Васильевич
|
| 702 |
|
1 |
|a Кукуджанов
|b В. Н.
|4 340
|
| 712 |
0 |
2 |
|a Академия наук СССР (АН СССР)
|b Институт проблем механики (ИПМех)
|c (Москва)
|2 stltpush
|3 (RuTPU)RU\TPU\col\11549
|
| 801 |
|
1 |
|a RU
|b 63413507
|c 20091022
|
| 801 |
|
2 |
|a RU
|b 63413507
|c 20160304
|g RCR
|
| 942 |
|
|
|c BK
|